[Event "26. Torneo Collado Villalba B"]
[Site "Collado Villalba ESP"]
[Date "2009.08.22"]
[Round "2.6"]
[White "Perez Alvarez, Javier"]
[Black "Fernandez Garcia, Javier"]
[Result "1-0"]
[WhiteElo "1736"]
[BlackElo "1923"]
[PlyCount "105"]
[EventDate "2009.08.21"]
[EventType "swiss"]
[EventRounds "9"]
[EventCountry "ESP"]
[Source "lmi"]
[SourceDate "2009.08.21"]

1. e4 e6 2. d4 d5 3. Nc3 Nf6 4. e5 Nfd7 5. Nf3 c5 6. dxc5 Nc6 7. Bf4 Nxc5 8.
Bd3 Qb6 9. O-O Be7 10. a3 f6 11. Re1 Nxd3 12. Qxd3 O-O 13. b4 Nxe5 14. Bxe5
fxe5 15. Rxe5 Bf6 16. Rh5 g6 17. Rh3 Bxc3 18. Qxc3 e5 19. Rg3 d4 20. Qd2 Qd6
21. Re1 Re8 22. Rg5 Bf5 23. g4 h6 24. gxf5 hxg5 25. Qxg5 Kg7 26. Nh4 Qf6 27.
Qg4 g5 28. Nf3 Kh6 29. Qh3+ Kg7 30. Qg4 Rh8 31. Nxg5 Kf8 32. Ne6+ Kf7 33. Ng5+
Qxg5 34. Qxg5 Rag8 35. Qg6+ Rxg6+ 36. fxg6+ Kf6 37. Re4 Re8 38. f4 Rg8 39.
fxe5+ Kf5 40. Rxd4 Rxg6+ 41. Kf2 Rc6 42. Rd2 Kxe5 43. Ke3 Rc3+ 44. Kf2 Rxa3 45.
Kg2 Ke4 46. Rf2 Ra4 47. Kg3 Ke3 48. Rf3+ Kd2 49. c3 Ra3 50. h4 Rxc3 51. Rxc3
Kxc3 52. h5 Kxb4 53. h6 1-0

[Event "26. Torneo Collado Villalba B"]
[Site "Collado Villalba ESP"]
[Date "2009.08.22"]
[Round "2.7"]
[White "Gonzalez Del Valls, Javier"]
[Black "Montero Garcia, Fco. Javier"]
[Result "0-1"]
[WhiteElo "1731"]
[BlackElo "1912"]
[PlyCount "138"]
[EventDate "2009.08.21"]
[EventType "swiss"]
[EventRounds "9"]
[EventCountry "ESP"]
[Source "lmi"]
[SourceDate "2009.08.21"]

1. e4 c5 2. Nf3 e6 3. d4 cxd4 4. Nxd4 Nf6 5. Nc3 Nc6 6. Be3 Bb4 7. Bd3 d5 8.
Nxc6 bxc6 9. exd5 cxd5 10. Bd2 O-O 11. O-O e5 12. a3 Bd6 13. Bg5 e4 14. Be2 Be5
15. Bxf6 Bxf6 16. Qxd5 Qxd5 17. Nxd5 Bxb2 18. Ra2 Be5 19. Bc4 Bb7 20. Bb3 Rfd8
21. Ne3 Kf8 22. g3 g6 23. a4 Rac8 24. Re1 Bc3 25. Rd1 Rxd1+ 26. Nxd1 Be5 27.
Ne3 Rd8 28. Kf1 Ba6+ 29. Kg1 Be2 30. h4 h5 31. a5 f5 32. Bc4 Bxc4 33. Nxc4 Rd1+
34. Kg2 Bd4 35. a6 Ke7 36. Ra5 Rc1 37. Ra2 Ra1 38. Rxa1 Bxa1 39. f3 exf3+ 40.
Kxf3 Ke6 41. Kf4 Bf6 42. Na3 Be5+ 43. Kg5 Bxg3 44. Kxg6 Bxh4 45. Kxh5 Bg3 46.
Nb5 Bb8 47. Nd4+ Kd5 48. Nxf5 Kc5 49. Ne3 Kb5 50. Kg4 Kxa6 51. Nc4 Kb5 52. Nd2
Kb4 53. Kf3 Kc3 54. Nb3 Kxc2 55. Na5 Bc7 56. Nb7 Kd3 57. Kg4 Kd4 58. Kf3 Kd5
59. Ke3 Kc6 60. Kd4 Kxb7 61. Kc5 a6 62. Kb4 Kb6 63. Ka4 a5 64. Ka3 Kb5 65. Kb3
Bd6 66. Ka2 Kb4 67. Kb2 a4 68. Ka2 a3 69. Kb1 Kb3 0-1

[Event "26. Torneo Collado Villalba B"]
[Site "Collado Villalba ESP"]
[Date "2009.08.22"]
[Round "2.8"]
[White "Soler Polo, Diego"]
[Black "Martinez Martinez, Antonio"]
[Result "1-0"]
[WhiteElo "1895"]
[BlackElo "1711"]
[PlyCount "48"]
[EventDate "2009.08.21"]
[EventType "swiss"]
[EventRounds "9"]
[EventCountry "ESP"]
[Source "lmi"]
[SourceDate "2009.08.21"]

1. d4 g6 2. e4 d6 3. Nc3 c6 4. Be2 Bg7 5. h4 h5 6. Be3 Nf6 7. f3 Nbd7 8. Bc4
Nb6 9. Bb3 Qc7 10. Qd2 Bd7 11. Nh3 Bxh3 12. Rxh3 Nfd7 13. O-O-O e6 14. d5 exd5
15. exd5 Bxc3 16. Qxc3 Rg8 17. dxc6 bxc6 18. Bf4 Nc8 19. Re1+ Ne7 20. Bg5 f6
21. Bxf6 Nxf6 22. Qxf6 Rf8 23. Qxg6+ Kd8 24. Qg7 Kd7 1-0

[Event "26. Torneo Collado Villalba B"]
[Site "Collado Villalba ESP"]
[Date "2009.08.22"]
[Round "2.9"]
[White "Leniz Martinez, Francisco"]
[Black "Arranz Fraile, Javier"]
[Result "1-0"]
[WhiteElo "1883"]
[BlackElo "1693"]
[PlyCount "45"]
[EventDate "2009.08.21"]
[EventType "swiss"]
[EventRounds "9"]
[EventCountry "ESP"]
[Source "lmi"]
[SourceDate "2009.08.21"]

1. Nf3 f5 2. d3 Nf6 3. e4 d6 4. Nc3 e5 5. Bg5 fxe4 6. dxe4 Be7 7. Bc4 Nc6 8. a3
a5 9. Bxf6 Bxf6 10. Qd3 Nd4 11. Nxd4 exd4 12. Ne2 c5 13. Rb1 Ke7 14. Nf4 a4 15.
O-O Re8 16. Bb5 Bd7 17. Nd5+ Kf7 18. Bxd7 Qxd7 19. Nb6 Qc6 20. Nxa8 Rxe4 21.
Rfe1 Rxe1+ 22. Rxe1 b6 23. Qf3 1-0

[Event "26. Torneo Collado Villalba B"]
[Site "Collado Villalba ESP"]
[Date "2009.08.22"]
[Round "2.10"]
[White "Alvarez Serrano, Carlos"]
[Black "Valderrama Arroyo, Victor"]
[Result "0-1"]
[WhiteElo "1715"]
[BlackElo "1882"]
[PlyCount "54"]
[EventDate "2009.08.21"]
[EventType "swiss"]
[EventRounds "9"]
[EventCountry "ESP"]
[Source "lmi"]
[SourceDate "2009.08.21"]

1. e4 c5 2. Nf3 d6 3. d4 cxd4 4. Nxd4 Nf6 5. Nc3 a6 6. Be3 e6 7. g4 h6 8. f4 b5
9. Bg2 Bb7 10. a3 Nbd7 11. h3 Nc5 12. Qd2 Nfxe4 13. Nxe4 Bxe4 14. O-O-O Rc8 15.
Bxe4 Nxe4 16. Qg2 d5 17. Rd3 b4 18. a4 Nc5 19. Rd2 Nxa4 20. Rhd1 Qc7 21. Qe2
Nc3 22. bxc3 bxc3 23. Rd3 Qa5 24. Rxc3 Qxc3 25. Rd3 Ba3+ 26. Kd1 Qa1+ 27. Kd2
Qc1# 0-1

[Event "26. Torneo Collado Villalba B"]
[Site "Collado Villalba ESP"]
[Date "2009.08.22"]
[Round "2.11"]
[White "Olmos Sanz, Francisco J"]
[Black "Caro Martin, Diego"]
[Result "0-1"]
[WhiteElo "1870"]
[BlackElo "1628"]
[PlyCount "50"]
[EventDate "2009.08.21"]
[EventType "swiss"]
[EventRounds "9"]
[EventCountry "ESP"]
[Source "lmi"]
[SourceDate "2009.08.21"]

1. c4 Nf6 2. Nf3 d5 3. cxd5 Nxd5 4. Nc3 g6 5. Qb3 Nb6 6. Ng5 e6 7. d3 h6 8. Nf3
Bg7 9. g3 Nc6 10. Bg2 O-O 11. O-O e5 12. Qc2 Be6 13. Bd2 Qe7 14. a3 a5 15. Ne4
Nd7 16. b4 f5 17. Nc3 axb4 18. Nh4 b3 19. Nd5 bxc2 20. Nxe7+ Nxe7 21. Bxb7 Rab8
22. Bg2 Nc5 23. Bb4 Nb3 24. Bxe7 Nxa1 25. Rxa1 Rb1+ 0-1

[Event "26. Torneo Collado Villalba B"]
[Site "Collado Villalba ESP"]
[Date "2009.08.22"]
[Round "2.12"]
[White "Llaneras Henarejos, Miguel"]
[Black "Corbinos Cuartero, Manuel A"]
[Result "0-1"]
[WhiteElo "1712"]
[BlackElo "1864"]
[PlyCount "76"]
[EventDate "2009.08.21"]
[EventType "swiss"]
[EventRounds "9"]
[EventCountry "ESP"]
[Source "lmi"]
[SourceDate "2009.08.21"]

1. d4 Nf6 2. c4 g6 3. Nc3 d5 4. cxd5 Nxd5 5. e4 Nxc3 6. bxc3 Bg7 7. Be3 O-O 8.
Qd2 c5 9. Rc1 Qa5 10. d5 Nd7 11. c4 Qa3 12. Nf3 Nf6 13. Rc3 Qa5 14. Rc1 Qa3 15.
Rc3 Qb4 16. a3 Qa5 17. Rd3 Qb6 18. e5 Ne4 19. Qc2 Qa5+ 20. Bd2 Nxd2 21. Qxd2
Qb6 22. h3 Bf5 23. Rc3 Qc7 24. Qe3 Qb6 25. Bd3 Bxd3 26. Qxd3 Rad8 27. O-O Qc7
28. Qe3 b5 29. Rd1 b4 30. axb4 cxb4 31. Rc2 a5 32. Ra1 Rxd5 33. cxd5 Qxc2 34.
Rxa5 b3 35. Rb5 b2 36. Qb3 Qc1+ 37. Kh2 Qf4+ 38. Kg1 Rc8 0-1

[Event "26. Torneo Collado Villalba B"]
[Site "Collado Villalba ESP"]
[Date "2009.08.22"]
[Round "2.13"]
[White "Garcia Burguillo, Javier"]
[Black "Tolosana Esteban, Enrique"]
[Result "0-1"]
[WhiteElo "1702"]
[BlackElo "1861"]
[PlyCount "60"]
[EventDate "2009.08.21"]
[EventType "swiss"]
[EventRounds "9"]
[EventCountry "ESP"]
[Source "lmi"]
[SourceDate "2009.08.21"]

1. e4 c5 2. f4 Nc6 3. Nf3 e6 4. Bb5 Qc7 5. Bxc6 Qxc6 6. Nc3 a6 7. d3 b5 8. O-O
b4 9. Ne2 d6 10. Kh1 g6 11. Qe1 Bg7 12. Ng3 Ne7 13. f5 O-O 14. Nh4 exf5 15.
exf5 Re8 16. Qf2 Bd4 17. Qf4 Be5 18. Qf2 Bd4 19. Qf4 Bb7 20. Qf3 Qxf3 21. Nxf3
Bxf3 22. Rxf3 Nxf5 23. Bf4 Nxg3+ 24. Bxg3 Re2 25. Raf1 f5 26. Bxd6 Rxc2 27. Bg3
Re8 28. Bf2 Bxf2 29. R1xf2 Rxf2 30. Rxf2 Re1+ 0-1

[Event "26. Torneo Collado Villalba B"]
[Site "Collado Villalba ESP"]
[Date "2009.08.22"]
[Round "2.14"]
[White "Parreno Cueto, Andres"]
[Black "Fernandez Gil, Ruben Carlos"]
[Result "1-0"]
[WhiteElo "1829"]
[BlackElo "1596"]
[PlyCount "105"]
[EventDate "2009.08.21"]
[EventType "swiss"]
[EventRounds "9"]
[EventCountry "ESP"]
[Source "lmi"]
[SourceDate "2009.08.21"]

1. d4 d5 2. c4 e6 3. Nc3 Nf6 4. Nf3 c6 5. a4 Nbd7 6. e3 Bd6 7. c5 Bc7 8. b4 a6
9. Bb2 O-O 10. Be2 Re8 11. O-O e5 12. b5 e4 13. Nd2 Nf8 14. Na2 a5 15. b6 Bb8
16. Nb3 h6 17. Bc3 N6h7 18. h3 Qg5 19. Bg4 f5 20. Be2 f4 21. exf4 Qxf4 22. g3
Qg5 23. Bg4 e3 24. f4 Qg6 25. Qf3 Bxg4 26. Qxg4 e2 27. Rfe1 Qd3 28. Nbc1 Qe3+
29. Kg2 Nf6 30. Qf3 Ng6 31. Rxe2 Qxf3+ 32. Kxf3 Rxe2 33. Nxe2 Ne4 34. Be1 Ne7
35. Nec3 Nf6 36. Bd2 Nf5 37. Be3 h5 38. Re1 Kf7 39. Bf2 g6 40. g4 hxg4+ 41.
hxg4 Ng7 42. Nc1 Ne6 43. Be3 Nh7 44. Nd3 Kf6 45. Rh1 Nhf8 46. Ne5 Bxe5 47.
dxe5+ Kf7 48. f5 gxf5 49. gxf5 Ng7 50. Kg4 Rd8 51. e6+ Ke8 52. e7 Kxe7 53. Bg5+
1-0

[Event "26. Torneo Collado Villalba B"]
[Site "Collado Villalba ESP"]
[Date "2009.08.22"]
[Round "2.15"]
[White "Garcia Lopez, Fernando"]
[Black "Calderon Diestro, Maria Victoria"]
[Result "1/2-1/2"]
[WhiteElo "1679"]
[BlackElo "1818"]
[PlyCount "60"]
[EventDate "2009.08.21"]
[EventType "swiss"]
[EventRounds "9"]
[EventCountry "ESP"]
[Source "lmi"]
[SourceDate "2009.08.21"]

1. e4 e5 2. Nf3 Nc6 3. Bb5 Bc5 4. c3 Nge7 5. O-O Bb6 6. d3 O-O 7. Bg5 f6 8. Bc1
d6 9. Nbd2 f5 10. Nc4 fxe4 11. dxe4 Bg4 12. Nxb6 axb6 13. Be2 Ng6 14. Qb3+ Kh8
15. Re1 Nf4 16. Bxf4 Rxf4 17. h3 Bh5 18. Nd2 Bg6 19. f3 Qd7 20. g3 Rf6 21. Rad1
Bf7 22. Qc2 Rg6 23. g4 Rh6 24. Kg2 Nd8 25. Nc4 Ne6 26. Nxe5 Qe7 27. Nxf7+ Qxf7
28. Rh1 Rf8 29. h4 Rg6 30. Rdf1 Qf4 1/2-1/2

[Event "26. Torneo Collado Villalba B"]
[Site "Collado Villalba ESP"]
[Date "2009.08.22"]
[Round "2.17"]
[White "Peral Aparicio, Jesus"]
[Black "Morona Minguez, Irene"]
[Result "0-1"]
[WhiteElo "1675"]
[BlackElo "1813"]
[PlyCount "108"]
[EventDate "2009.08.21"]
[EventType "swiss"]
[EventRounds "9"]
[EventCountry "ESP"]
[Source "lmi"]
[SourceDate "2009.08.21"]

1. d4 d5 2. c4 e6 3. Nc3 Nf6 4. Bg5 Nbd7 5. e3 c6 6. Qc2 Qa5 7. c5 Ne4 8. Nf3
e5 9. Be2 exd4 10. exd4 Nxg5 11. Nxg5 h6 12. Nf3 Be7 13. Bd3 O-O 14. O-O Nf6
15. Rfe1 Re8 16. h3 Qc7 17. Bf5 b6 18. b4 a5 19. a3 axb4 20. axb4 Ba6 21. Ne5
bxc5 22. bxc5 Bxc5 23. dxc5 Rxe5 24. Red1 Rae8 25. Bd3 Bxd3 26. Qxd3 Ne4 27.
Nxe4 Rxe4 28. g3 Qe7 29. Rdc1 Re2 30. Qf3 Qe4 31. Qxe4 R8xe4 32. Kf1 Rb2 33.
Re1 Rc4 34. Rec1 Rbc2 35. Rxc2 Rxc2 36. Ra5 Kf8 37. Ke1 Ke7 38. f4 Ke6 39. g4
d4 40. Ra4 d3 41. Rd4 d2+ 42. Kd1 Rxc5 43. Kxd2 Rd5 44. Ke3 Rxd4 45. Kxd4 g5
46. Ke4 gxf4 47. Kxf4 f6 48. Ke4 c5 49. h4 Kd6 50. h5 Ke6 51. Kf4 c4 52. Ke4 c3
53. Kd3 c2 54. Kxc2 Ke5 0-1

[Event "26. Torneo Collado Villalba B"]
[Site "Collado Villalba ESP"]
[Date "2009.08.22"]
[Round "2.20"]
[White "Cabrera Fernandez, Daniel"]
[Black "Piriz Fernandez, Daniel"]
[Result "0-1"]
[WhiteElo "1588"]
[BlackElo "1793"]
[PlyCount "54"]
[EventDate "2009.08.21"]
[EventType "swiss"]
[EventRounds "9"]
[EventCountry "ESP"]
[Source "lmi"]
[SourceDate "2009.08.21"]

1. e4 e6 2. d4 d5 3. e5 c5 4. c3 Nc6 5. Nf3 Qb6 6. Bd3 Bd7 7. Bc2 Rc8 8. O-O
Nge7 9. Re1 Ng6 10. h4 Be7 11. h5 Nh4 12. Nxh4 Bxh4 13. Qg4 Qd8 14. Qxg7 Ke7
15. Bg5+ Bxg5 16. Qxg5+ Ke8 17. Qg7 Rf8 18. dxc5 Qh4 19. Qxh7 Ke7 20. Bg6 Ke8
21. Bd3 Qg5 22. h6 Rg8 23. Bf1 Ke7 24. Re3 Nxe5 25. Rg3 Ng4 26. Qc2 Qh4 27. Rh3
Qxh3 0-1

[Event "26. Torneo Collado Villalba B"]
[Site "Collado Villalba ESP"]
[Date "2009.08.22"]
[Round "2.21"]
[White "Nunez Alonso, Juan"]
[Black "Aguado Garcia, Pablo"]
[Result "0-1"]
[WhiteElo "1550"]
[BlackElo "1884"]
[PlyCount "34"]
[EventDate "2009.08.21"]
[EventType "swiss"]
[EventRounds "9"]
[EventCountry "ESP"]
[Source "lmi"]
[SourceDate "2009.08.21"]

1. e4 e5 2. Nf3 Nc6 3. Bc4 Nf6 4. Ng5 Bc5 5. Bxf7+ Ke7 6. Bb3 Rf8 7. O-O d6 8.
h3 Qe8 9. d3 h6 10. Nf3 Qh5 11. Be3 Bxh3 12. gxh3 Qxh3 13. Bxc5 Ng4 14. Bxd6+
cxd6 15. Nbd2 Rxf3 16. Nxf3 Rf8 17. Re1 Nd4 0-1

[Event "26. Torneo Collado Villalba B"]
[Site "Collado Villalba ESP"]
[Date "2009.08.22"]
[Round "2.22"]
[White "Saez Gabikagogeaskoa, Oscar"]
[Black "Juberias Guillen, Paloma"]
[Result "0-1"]
[WhiteElo "1999"]
[BlackElo "1556"]
[PlyCount "76"]
[EventDate "2009.08.21"]
[EventType "swiss"]
[EventRounds "9"]
[EventCountry "ESP"]
[Source "lmi"]
[SourceDate "2009.08.21"]

1. e4 c6 2. d4 d5 3. exd5 cxd5 4. c4 Nf6 5. Nc3 g6 6. cxd5 Nxd5 7. Bb5+ Bd7 8.
Qb3 Nb6 9. Nf3 Bg7 10. Ne5 O-O 11. Nxd7 N8xd7 12. Be3 Nf6 13. Be2 Qd7 14. O-O
Nfd5 15. Bg5 Bxd4 16. Rad1 e5 17. Bf3 Ne7 18. Rfe1 Nc6 19. Ne4 Qc7 20. Rc1 Nd7
21. Bg4 Kg7 22. Bxd7 Qxd7 23. Bf6+ Kg8 24. Qg3 Qf5 25. Qh4 Qh5 26. Qxh5 gxh5
27. b3 Rfe8 28. Re2 Re6 29. Bg5 Kg7 30. Ng3 Kg6 31. Bd2 Rd8 32. Ne4 h6 33. Nc3
a6 34. Be1 Nb4 35. Rd1 Rc8 36. Ne4 Nd5 37. g3 f5 38. Nd2 Nc3 0-1

[Event "26. Torneo Collado Villalba B"]
[Site "Collado Villalba ESP"]
[Date "2009.08.22"]
[Round "2.24"]
[White "Kalinovsky, Martin"]
[Black "Martinez Sanz, Matias"]
[Result "0-1"]
[WhiteElo "1586"]
[BlackElo "1700"]
[PlyCount "60"]
[EventDate "2009.08.21"]
[EventType "swiss"]
[EventRounds "9"]
[EventCountry "ESP"]
[Source "lmi"]
[SourceDate "2009.08.21"]

1. e4 c5 2. d4 cxd4 3. c3 d5 4. exd5 Qxd5 5. cxd4 Nc6 6. Be3 e5 7. Nc3 Bb4 8.
a3 Bxc3+ 9. bxc3 exd4 10. Bxd4 Nxd4 11. Qxd4 Qe6+ 12. Be2 Nf6 13. Nf3 O-O 14.
Qd3 Re8 15. Nd4 Qe5 16. O-O Bg4 17. Rae1 Rad8 18. f4 Bxe2 19. Rxe2 Qxe2 20.
Qxe2 Rxe2 21. Nxe2 Rd2 22. Kf2 Ra2 23. Rb1 b6 24. Rb3 Ne4+ 25. Ke3 f5 26. h3
Nc5 27. Rb1 Rxa3 28. g4 fxg4 29. hxg4 Kf7 30. Rc1 b5 0-1

[Event "26. Torneo Collado Villalba B"]
[Site "Collado Villalba ESP"]
[Date "2009.08.23"]
[Round "3.1"]
[White "Parreno Cueto, Andres"]
[Black "Camarero Izquierdo, Juan C"]
[Result "0-1"]
[WhiteElo "1829"]
[BlackElo "1950"]
[PlyCount "84"]
[EventDate "2009.08.21"]
[EventType "swiss"]
[EventRounds "9"]
[EventCountry "ESP"]
[Source "lmi"]
[SourceDate "2009.08.21"]

1. d4 Nf6 2. c4 g6 3. Nc3 Bg7 4. e4 d6 5. Nf3 O-O 6. Bd3 Nc6 7. d5 Nb4 8. Be2
a5 9. a3 Na6 10. O-O Nc5 11. Qc2 Ng4 12. h3 Nf6 13. Be3 Ncd7 14. Rab1 e5 15. b4
b6 16. Nd2 Ne8 17. Rfd1 f5 18. exf5 gxf5 19. f4 Qf6 20. fxe5 Qxe5 21. Nde4 fxe4
22. Nxe4 Ndf6 23. Nxf6+ Nxf6 24. Bd4 Qg5 25. Kh1 Bf5 26. Bd3 Bxd3 27. Rxd3 axb4
28. axb4 Rae8 29. Rf3 Nd7 30. Rxf8+ Rxf8 31. Bxg7 Qxg7 32. Re1 Qd4 33. Qe2 Ne5
34. Rd1 Qxc4 35. Qe1 Qf4 36. Rc1 Qf7 37. Qg3+ Ng6 38. Qg4 Qxd5 39. h4 Kh8 40.
Rd1 Qf7 41. Qd4+ Qf6 42. Qg4 Qxh4+ 0-1

[Event "26. Torneo Collado Villalba B"]
[Site "Collado Villalba ESP"]
[Date "2009.08.23"]
[Round "3.2"]
[White "Rodriguez Ballespin, Daniel"]
[Black "Arranz Maurelle, Gustavo"]
[Result "1-0"]
[WhiteElo "1937"]
[BlackElo "1816"]
[PlyCount "101"]
[EventDate "2009.08.21"]
[EventType "swiss"]
[EventRounds "9"]
[EventCountry "ESP"]
[Source "lmi"]
[SourceDate "2009.08.21"]

1. e4 d6 2. d3 g6 3. f4 Nf6 4. Nf3 Bg7 5. g3 O-O 6. Bg2 c6 7. c3 Nbd7 8. O-O e5
9. Kh1 Qb6 10. Qe2 Nh5 11. Be3 c5 12. f5 Ndf6 13. Nh4 Bd7 14. Na3 Qa6 15. Rad1
h6 16. fxg6 Bg4 17. Qd2 Bxd1 18. Rxd1 Ng4 19. gxf7+ Rxf7 20. Nf5 Nxe3 21. Qxe3
Nf6 22. Nc4 Rd8 23. Nxh6+ Bxh6 24. Qxh6 Rdd7 25. Bh3 Rde7 26. Qg6+ Kf8 27. Ne3
d5 28. Nf5 Rc7 29. Rf1 Nxe4 30. Qxa6 Nxg3+ 31. hxg3 bxa6 32. Re1 Rh7 33. Kg2 e4
34. dxe4 dxe4 35. Rxe4 Rb7 36. Re2 Rhf7 37. Nd6 Rfe7 38. Rf2+ Kg8 39. Nf5 Re5
40. g4 Rd7 41. g5 Rd3 42. Nh6+ Kg7 43. Rf7+ Kg6 44. Bf5+ Rxf5 45. Rxf5 Rd2+ 46.
Rf2 Rd5 47. Nf7 Kg7 48. Kf1 c4 49. Ke2 Rd7 50. Ne5 Re7 51. Rf7+ 1-0

[Event "26. Torneo Collado Villalba B"]
[Site "Collado Villalba ESP"]
[Date "2009.08.23"]
[Round "3.3"]
[White "Morona Minguez, Irene"]
[Black "Avendano Mateos, Jose"]
[Result "1/2-1/2"]
[WhiteElo "1813"]
[BlackElo "1925"]
[PlyCount "39"]
[EventDate "2009.08.21"]
[EventType "swiss"]
[EventRounds "9"]
[EventCountry "ESP"]
[Source "lmi"]
[SourceDate "2009.08.21"]

1. e4 c6 2. d4 d5 3. Nc3 dxe4 4. Nxe4 Nd7 5. Ng5 Ngf6 6. Bc4 e6 7. Qe2 Nb6 8.
Bb3 h6 9. N5f3 c5 10. c3 Be7 11. dxc5 Bxc5 12. Ne5 O-O 13. Ngf3 Nbd5 14. O-O
Qb6 15. Nd2 Qc7 16. Re1 b6 17. Qf3 Bb7 18. Qg3 Bd6 19. Ndc4 Ne7 20. Bc2 1/2-1/2

[Event "26. Torneo Collado Villalba B"]
[Site "Collado Villalba ESP"]
[Date "2009.08.23"]
[Round "3.4"]
[White "Piriz Fernandez, Daniel"]
[Black "Soler Polo, Diego"]
[Result "1-0"]
[WhiteElo "1793"]
[BlackElo "1895"]
[PlyCount "98"]
[EventDate "2009.08.21"]
[EventType "swiss"]
[EventRounds "9"]
[EventCountry "ESP"]
[Source "lmi"]
[SourceDate "2009.08.21"]

1. d4 Nf6 2. c4 e6 3. Nc3 Bb4 4. e3 b6 5. Nge2 Bb7 6. a3 Be7 7. Nf4 O-O 8. Bd3
d5 9. cxd5 exd5 10. Qf3 Bd6 11. Bd2 Bxf4 12. Qxf4 Ba6 13. Bxa6 Nxa6 14. Rc1 c6
15. O-O Nc7 16. Rfe1 Ne6 17. Qh4 Rc8 18. f3 Re8 19. Ne2 Nd7 20. Qxd8 Rexd8 21.
Bc3 c5 22. Rcd1 f5 23. Kf2 c4 24. h3 b5 25. Ba5 Rf8 26. Nc3 Nf6 27. Bb4 Rf7 28.
Nxb5 Rc6 29. Nd6 a5 30. Nxf7 axb4 31. Ne5 Rb6 32. axb4 Rxb4 33. Re2 f4 34. e4
dxe4 35. fxe4 Ng5 36. Nc6 Rb3 37. e5 Nfe4+ 38. Kg1 Rg3 39. Ne7+ Kf8 40. Nf5 Rd3
41. Rxd3 cxd3 42. Re1 f3 43. Rd1 f2+ 44. Kf1 d2 45. Nd6 Nxd6 46. exd6 Ne4 47.
Ke2 Ke8 48. Ke3 Nxd6 49. Kxf2 Ke7 1-0

[Event "26. Torneo Collado Villalba B"]
[Site "Collado Villalba ESP"]
[Date "2009.08.23"]
[Round "3.5"]
[White "Caro Martin, Diego"]
[Black "Leniz Martinez, Francisco"]
[Result "0-1"]
[WhiteElo "1628"]
[BlackElo "1883"]
[PlyCount "126"]
[EventDate "2009.08.21"]
[EventType "swiss"]
[EventRounds "9"]
[EventCountry "ESP"]
[Source "lmi"]
[SourceDate "2009.08.21"]

1. e4 c5 2. Nc3 Nc6 3. f4 g6 4. Nf3 Bg7 5. Bc4 e6 6. O-O d6 7. d3 a6 8. a4 Nge7
9. Bb3 Nd4 10. Ne2 Nxf3+ 11. Rxf3 Nc6 12. c3 O-O 13. Qf1 Qb6 14. Ba2 Na5 15.
Kh1 Bd7 16. g4 Qc7 17. f5 exf5 18. gxf5 gxf5 19. exf5 Bf6 20. Rg3+ Kh8 21. Qh3
Bc6+ 22. Kg1 Rg8 23. Kf2 Rxg3 24. hxg3 Rg8 25. Bf4 Rg7 26. Qh6 Qe7 27. Rg1 Bxa4
28. Qh5 Bg5 29. Rh1 Bb3 30. Bb1 f6 31. Re1 Bf7 32. Qf3 Qd7 33. g4 Nc6 34. Ng3
Ne5 35. Bxe5 dxe5 36. Ne4 Bh4+ 37. Ng3 Bd5 38. Qe2 Qxf5+ 39. gxf5 Bxg3+ 40. Kf1
Bxe1 41. Kxe1 Rg1+ 42. Kf2 Rg2+ 43. Ke3 Rxe2+ 44. Kxe2 Kg7 45. Ke3 Kh6 46. d4
cxd4+ 47. cxd4 Kg5 48. dxe5 fxe5 49. Kd3 h5 50. Ke3 h4 51. Kf2 e4 52. Kg1 Kxf5
53. Kh2 Kg5 54. Kh3 Be6+ 55. Kh2 Kf4 56. Kg2 Bg4 57. Kf2 h3 58. Kg1 e3 59. Bd3
Kg3 60. Bf1 h2+ 61. Kh1 e2 62. Bxe2 Bxe2 63. b4 Bf3# 0-1

[Event "26. Torneo Collado Villalba B"]
[Site "Collado Villalba ESP"]
[Date "2009.08.23"]
[Round "3.6"]
[White "Valderrama Arroyo, Victor"]
[Black "Fernandez Martinez, Jose"]
[Result "1-0"]
[WhiteElo "1882"]
[BlackElo "1801"]
[PlyCount "47"]
[EventDate "2009.08.21"]
[EventType "swiss"]
[EventRounds "9"]
[EventCountry "ESP"]
[Source "lmi"]
[SourceDate "2009.08.21"]

1. d4 Nf6 2. c4 e6 3. Nf3 d5 4. Nc3 Be7 5. Bg5 c6 6. e3 h6 7. Bh4 O-O 8. Bd3
dxc4 9. Bxc4 Nd5 10. Bxe7 Qxe7 11. e4 Qb4 12. Qb3 Qxb3 13. Bxb3 Nf6 14. O-O
Nbd7 15. Rfd1 Re8 16. Rac1 e5 17. d5 cxd5 18. Nxd5 Nxd5 19. Rxd5 Nf6 20. Rxe5
Bg4 21. Rc7 Be6 22. Bxe6 Rxe6 23. Rxb7 Rc8 24. g3 1-0

[Event "26. Torneo Collado Villalba B"]
[Site "Collado Villalba ESP"]
[Date "2009.08.23"]
[Round "3.7"]
[White "Corbinos Cuartero, Manuel A"]
[Black "Lopez Garralon, Miguel"]
[Result "0-1"]
[WhiteElo "1864"]
[BlackElo "1796"]
[PlyCount "88"]
[EventDate "2009.08.21"]
[EventType "swiss"]
[EventRounds "9"]
[EventCountry "ESP"]
[Source "lmi"]
[SourceDate "2009.08.21"]

1. d4 d5 2. c4 e5 3. dxe5 d4 4. Nf3 Nc6 5. g3 Bc5 6. Bg2 Nge7 7. Bg5 h6 8. Bxe7
Qxe7 9. O-O O-O 10. Nbd2 Nxe5 11. a3 a5 12. Nb3 c6 13. Qc2 Nxf3+ 14. Bxf3 Be6
15. Rad1 Rad8 16. Nxa5 g6 17. Nb3 Ba7 18. Nd2 h5 19. h4 f5 20. b4 Kg7 21. c5
Bb8 22. e3 dxe3 23. Qc3+ Kh7 24. Qxe3 f4 25. Qe4 fxg3 26. fxg3 Qc7 27. Qe1 Bh3
28. Bg2 Rxf1+ 29. Nxf1 Bg4 30. Rd2 Rd7 31. Rf2 Rd1 32. Qe8 Bf5 33. Rf3 Rd8 34.
Qe3 Qe5 35. Qxe5 Bxe5 36. Kh2 Kg7 37. Ne3 Be4 38. Rf1 Rd3 39. Re1 Bxg2 40. Kxg2
Rxa3 41. Nf1 Kf6 42. Ne3 Rb3 43. g4 Rxb4 44. Rf1+ Rf4 0-1

[Event "26. Torneo Collado Villalba B"]
[Site "Collado Villalba ESP"]
[Date "2009.08.23"]
[Round "3.9"]
[White "Sierra Bermejo, Gregorio"]
[Black "Cano Cabanillas, Javier"]
[Result "0-1"]
[WhiteElo "1763"]
[BlackElo "1968"]
[PlyCount "78"]
[EventDate "2009.08.21"]
[EventType "swiss"]
[EventRounds "9"]
[EventCountry "ESP"]
[Source "lmi"]
[SourceDate "2009.08.21"]

1. c4 Nf6 2. Nf3 g6 3. Nc3 Bg7 4. e4 d6 5. d4 O-O 6. Be2 e5 7. dxe5 dxe5 8.
Qxd8 Rxd8 9. Bg5 c6 10. O-O Bg4 11. h3 Bxf3 12. Bxf3 h6 13. Be3 Nbd7 14. Rad1
a6 15. g4 Nf8 16. Bb6 Rd7 17. Na4 Ne6 18. Be3 Rad8 19. Nc3 Nd4 20. Kg2 Nh7 21.
h4 Nf8 22. g5 h5 23. Rc1 Nfe6 24. Bd1 Bf8 25. a3 Bd6 26. Ne2 Bc7 27. Nxd4 exd4
28. Bd2 Bf4 29. Bxf4 Nxf4+ 30. Kg3 Nd3 31. Rc2 Nc5 32. f3 Re7 33. b4 Na4 34.
Rd2 Nc3 35. Bc2 b6 36. a4 Red7 37. e5 d3 38. Bd1 Rd4 39. f4 Ne4+ 0-1

[Event "26. Torneo Collado Villalba B"]
[Site "Collado Villalba ESP"]
[Date "2009.08.23"]
[Round "3.11"]
[White "Calderon Diestro, Maria Victoria"]
[Black "Corisco Beltran, Rafael"]
[Result "1/2-1/2"]
[WhiteElo "1818"]
[BlackElo "1775"]
[PlyCount "57"]
[EventDate "2009.08.21"]
[EventType "swiss"]
[EventRounds "9"]
[EventCountry "ESP"]
[Source "lmi"]
[SourceDate "2009.08.21"]

1. e4 c5 2. Nf3 Nc6 3. Bb5 g6 4. Bxc6 dxc6 5. c3 Bg4 6. h3 Bxf3 7. Qxf3 Bg7 8.
d3 e5 9. O-O Nf6 10. Bg5 Qd6 11. Nd2 O-O 12. Nc4 Qe6 13. Rad1 Rad8 14. Qg3 Nxe4
15. Qe3 Nxg5 16. Qxg5 f6 17. Qe3 Qd5 18. b3 b6 19. Qe2 Bh6 20. Qg4 Qd7 21. Qf3
b5 22. Ne3 Bxe3 23. fxe3 Qd5 24. e4 Qf7 25. Qe3 Qe7 26. Rf3 Kg7 27. Rdf1 Qd6
28. Rg3 Rd7 29. h4 1/2-1/2